Joueur de la saison en Liga entre 2010 et 2025 - Statistiques

Statistiques générales
  • Ce quiz a été pris 98 fois
  • Le résultat moyen est 14 sur 16
Statistiques - réponses
Saison Club Joueur % Correct
2013 - 2014 Real Madrid Cristiano Ronaldo
100%
2009 - 2010 FC Barcelone Lionel Messi
100%
2010 - 2011 FC Barcelone Lionel Messi
100%
2011 - 2012 FC Barcelone Lionel Messi
100%
2012 - 2013 FC Barcelone Lionel Messi
100%
2014 - 2015 FC Barcelone Lionel Messi
100%
2016 - 2017 FC Barcelone Lionel Messi
100%
2017 - 2018 FC Barcelone Lionel Messi
100%
2018 - 2019 FC Barcelone Lionel Messi
100%
2015 - 2016 Atletico Madrid Antoine Griezmann
99%
2019 - 2020 Real Madrid Karim Benzema
91%
2021 - 2022 Real Madrid Karim Benzema
91%
2024 - 2025 FC Barcelone Raphinha
80%
2023 - 2024 Real Madrid Jude Bellingham
71%
2020 - 2021 Atletico Madrid Jan Oblak
54%
2022 - 2023 FC Barcelone Marc-André Ter Stegen
40%
Aucun quiz correspondant
Distribution des résultats
% des personnes avec chaque résultat
Percentile par nombre de réponses
Votre historique - résultats
Vous n’avez pas pris ce quiz